000 00314nam a22001337a 4500
008 170908b xxu||||| |||| 00| 0 eng d
020 _a9780471938088
041 _aeng
080 _23RD
_a91
100 _a42
101 _aGJEO
245 _aTHE NATURE OF THE STRATIGRAPHICAL RECORD
_cAGER,D..V
942 _2udc
_cBK
999 _c26775
_d26775